Design of Steel Structures (Record no. 6495)

MARC details
000 -LEADER
fixed length control field 00309nam a2200121Ia 4500
008 - FIXED-LENGTH DATA ELEMENTS--GENERAL INFORMATION
fixed length control field 191201s2016 xx 000 0 und d
100 ## - MAIN ENTRY--PERSONAL NAME
Personal name SUBRAMANIAN,N
245 #0 - TITLE STATEMENT
Title Design of Steel Structures
260 ## - PUBLICATION, DISTRIBUTION, ETC. (IMPRINT)
Place of publication, distribution, etc N. delhi
Name of publisher, distributor, etc Oxford University Press
Date of publication, distribution, etc 2016
300 ## - PHYSICAL DESCRIPTION
Extent 883
650 ## - SUBJECT ADDED ENTRY--TOPICAL TERM
Topical term or geographic name as entry element B.Tech(CE)
942 ## - ADDED ENTRY ELEMENTS (KOHA)
Source of classification or shelving scheme Dewey Decimal Classification
Koha item type Text Books
942 ## - ADDED ENTRY ELEMENTS (KOHA)
-- 1
Holdings
Withdrawn status Lost status Source of classification or shelving scheme Damaged status Not for loan Collection code Home library Current library Date acquired Source of acquisition Cost, normal purchase price Bill Number Total Checkouts Full call number Acc. no. / Barcode Date last seen Date last borrowed Actual Cost, discounted price Bill Date Koha item type
    Dewey Decimal Classification     B.Tech(CE) PIET C-LIBRARY PIET C-LIBRARY 03/01/2016 KIRTI PRAKASHAN, NEW DELHI 745.00 IN3717 2 624.1821 SUD 28067 08/05/2026 06/02/2026 491.70 22/02/2016 Text Books
    Dewey Decimal Classification     B.Tech(CE) PIET C-LIBRARY PIET C-LIBRARY 03/01/2016 KIRTI PRAKASHAN, NEW DELHI 745.00 IN3717   624.1821 SUD 28068 04/12/2019   491.70 22/02/2016 Text Books
    Dewey Decimal Classification     B.Tech(CE) PIET C-LIBRARY PIET C-LIBRARY 03/01/2016 KIRTI PRAKASHAN, NEW DELHI 745.00 IN3717 1 624.1821 SUD 28069 24/06/2025 19/06/2025 491.70 22/02/2016 Text Books
    Dewey Decimal Classification     B.Tech(CE) PIET C-LIBRARY PIET C-LIBRARY 03/01/2016 KIRTI PRAKASHAN, NEW DELHI 745.00 IN3717   624.1821 SUD 28070 04/12/2019   491.70 22/02/2016 Text Books
    Dewey Decimal Classification     B.Tech(CE) PIET C-LIBRARY PIET C-LIBRARY 03/01/2016 KIRTI PRAKASHAN, NEW DELHI 745.00 IN3717 2 624.1821 SUD 28071 06/03/2026 12/02/2026 491.70 22/02/2016 Text Books

Design & Developed by: PIET Central Library
R70 Miles Stone Pattikalyana Samalkha Panipat 132102
mail ID :- [email protected], Phone No:- 0180-2569700 Ex.216